00385nam a2200109Ia 4500008004100000082001700041100001600058245006100074260003900135630001800174650008300192211109s9999||||xx |||||||||||||| ||und|| a494.105bANO aNo Author,  0aInternational Journal Of Dravidan Linguistics 1979 [jan] bNATIONAL BOOKSTALLaKottayamc1900 xGeneral Stack aAltaic, Uralic, Hyperborean & DravidianvLinguisticsxJournalLanguageGeneralia